Evidence-based practice for nurses : (Record no. 21175)
[ view plain ]
| 000 -LEADER | |
|---|---|
| fixed length control field | 02004cam a22003375a 4500 |
| 001 - CONTROL NUMBER | |
| control field | ssj0001332127 |
| 003 - CONTROL NUMBER IDENTIFIER | |
| control field | OSt |
| 005 - DATE AND TIME OF LATEST TRANSACTION | |
| control field | 20160504120620.0 |
| 008 - FIXED-LENGTH DATA ELEMENTS--GENERAL INFORMATION | |
| fixed length control field | 140507t2015 maua frbd 001 0 eng d |
| 020 ## - INTERNATIONAL STANDARD BOOK NUMBER | |
| International Standard Book Number | 9781284053302 (pbk.) |
| 020 ## - INTERNATIONAL STANDARD BOOK NUMBER | |
| International Standard Book Number | 128405330X (pbk.) |
| 040 ## - CATALOGING SOURCE | |
| Original cataloging agency | DNLM/DLC |
| Transcribing agency | DLC |
| Modifying agency | DLC |
| -- | WaSeSS |
| -- | EG-ScBUE |
| Language of cataloging | eng |
| 082 04 - DEWEY DECIMAL CLASSIFICATION NUMBER | |
| Classification number | 610.73072 |
| Item number | EVI |
| Edition number | 22 |
| 245 00 - TITLE STATEMENT | |
| Title | Evidence-based practice for nurses : |
| Remainder of title | appraisal and application of research / |
| Statement of responsibility, etc | edited by Nola A. Schmidt, Janet M. Brown. |
| 250 ## - EDITION STATEMENT | |
| Edition statement | 3rd ed. |
| 260 ## - PUBLICATION, DISTRIBUTION, ETC. (IMPRINT) | |
| Place of publication, distribution, etc | Burlington : |
| Name of publisher, distributor, etc | Jones & Bartlett Learning, |
| Date of publication, distribution, etc | c.2015. |
| 300 ## - PHYSICAL DESCRIPTION | |
| Extent | xxviii, 577 p. : |
| Other physical details | ill. ; |
| Dimensions | 23 cm. |
| 500 ## - GENERAL NOTE | |
| General note | Glossary : p. 530-548. |
| 500 ## - GENERAL NOTE | |
| General note | Index : p. 549-577. |
| 500 ## - GENERAL NOTE | |
| General note | Includes access code inside : navigate 2 advantage access. |
| 504 ## - BIBLIOGRAPHY, ETC. NOTE | |
| Bibliography, etc | Includes bibliographical references. |
| 505 0# - FORMATTED CONTENTS NOTE | |
| Formatted contents note | What is evidence-based practice? -- Using evidence through collaboration to promote excellence in nursing practice -- Identifying research questions -- Finding sources of evidence -- Linking theory, research, and practice -- Key principles of quantitative designs -- Quantitative designs : using numbers to provide evidence -- Epidemiological designs : using data to understand populations -- Qualitative designs : using words to provide evidence -- Collecting evidence -- Using samples to provide evidence -- Other sources of evidence -- What do the quantitative data mean? -- What do the qualitative data mean? -- Weighing in on the evidence -- Transitioning evidence to practice -- Developing oneself as an innovator -- Evaluating outcomes of innovations -- Sharing the insights with others. |
| 506 ## - RESTRICTIONS ON ACCESS NOTE | |
| Terms governing access | Available on campus and off campus with authorized login. |
| 650 #7 - SUBJECT ADDED ENTRY--TOPICAL TERM | |
| Topical term or geographic name as entry element | Nursing |
| General subdivision | Research. |
| Source of heading or term | BUEsh |
| 9 (RLIN) | 39374 |
| 650 #7 - SUBJECT ADDED ENTRY--TOPICAL TERM | |
| Topical term or geographic name as entry element | Evidence-based nursing. |
| Source of heading or term | BUEsh |
| 9 (RLIN) | 27247 |
| 651 ## - SUBJECT ADDED ENTRY--GEOGRAPHIC NAME | |
| Source of heading or term | BUEsh |
| 653 ## - INDEX TERM--UNCONTROLLED | |
| Resource For college | Nursing |
| Arrived date list | February2016 |
| -- | May2016 |
| 700 1# - ADDED ENTRY--PERSONAL NAME | |
| Personal name | Schmidt, Nola A., |
| Relator term | editor. |
| 700 1# - ADDED ENTRY--PERSONAL NAME | |
| Personal name | Brown, Janet M. |
| Fuller form of name | (Janet Marie), |
| Dates associated with a name | 1947- |
| Relator term | editor. |
| 942 ## - ADDED ENTRY ELEMENTS (KOHA) | |
| Source of classification or shelving scheme | Dewey Decimal Classification |
| Withdrawn status | Item status | Source of classification or shelving scheme | Damaged status | Not for loan | Vendor | Home library | Current library | Shelving location | Date acquired | Source of acquisition | Cost, normal purchase price | Serial Enumeration / chronology | Total Checkouts | Total Renewals | Full call number | Barcode | Checked out | Date last seen | Date last borrowed | Cost, replacement price | Koha item type |
|---|---|---|---|---|---|---|---|---|---|---|---|---|---|---|---|---|---|---|---|---|---|
| Dewey Decimal Classification | Academic Bookshop | Central Library | Central Library | First floor | 17/02/2016 | Purchase | 540.00 | 4862 | 2 | 43 | 610.73072 EVI | 000031599 | 08/01/2025 | 26/11/2024 | 26/11/2024 | 675.00 | Book - Borrowing | ||||
| Dewey Decimal Classification | Academic Bookshop | Central Library | Central Library | First floor | 17/02/2016 | Purchase | 540.00 | 4862 | 5 | 36 | 610.73072 EVI | 000031598 | 13/06/2026 | 27/11/2024 | 27/11/2024 | 675.00 | Book - Borrowing | ||||
| Dewey Decimal Classification | Alahram | Central Library | Central Library | First floor | 04/05/2016 | Purchase | 416.00 | 6 | 53 | 610.73072 EVI | 000032363 | 15/07/2025 | 09/03/2020 | 520.00 | Book - Borrowing | ||||||
| Dewey Decimal Classification | Academic Bookshop | Central Library | Central Library | First floor | 14/05/2018 | Purchase | 540.00 | 7578 | 4 | 38 | 610.73072 EVI | 000047765 | 12/11/2024 | 13/10/2024 | 13/10/2024 | 675.00 | Book - Borrowing |